[Event "Luxembourg-chT 9900"]
[Site "Luxembourg"]
[Date "2000.01.09"]
[Round "4"]
[White "Spartz, Gaston"]
[Black "Thill, Gerard"]
[Result "1-0"]
[WhiteElo "1940"]
[BlackElo "1835"]
[PlyCount "83"]
[EventDate "1999.10.24"]
[EventType "team"]
[EventRounds "10"]
[EventCountry "LUX"]
[SourceTitle "EXT 2005"]
[Source "ChessBase"]
[SourceDate "2004.11.15"]
[SourceVersion "1"]
[SourceVersionDate "2004.11.15"]
[SourceQuality "1"]

1. d4 Nf6 2. c3 d6 3. Nf3 g6 4. e3 Bg7 5. Bc4 0-0 6. Nbd2 Nc6 7. Qc2 e5 8. e4 h6 9. 0-0 Kh7 10. d5 Ne7 11. Re1 Nh5 12. Nf1 f5 13. Ng3 Nxg3 14. hxg3 g5 15. exf5 Bxf5 16. Bd3 Qd7 17. c4 Kg8 18. Rb1 Rae8 19. b3 Bxd3 20. Qxd3 Qf5 21. Qxf5 Nxf5 22. Nd2 e4 23. Rxe4 Rxe4 24. Nxe4 Re8 25. f3 Bd4+ 26. Kh2 Kf7 27. Bb2 Be3 28. Re1 Bf2 29. Re2 Bb6 30. Nc3 Ne3 31. Kh3 h5 32. Ne4 Kg6 33. Nf6 g4+ 34. fxg4 hxg4+ 35. Nxg4 Re4 36. Nxe3 Rxe3 37. Rxe3 Bxe3 38. Kg4 b6 39. Kf3 Bg1 40. Bc1 Bc5 41. Bd2 a5 42. Kg4 1-0

[Event "Luxembourg-ch"]
[Site "Luxembourg"]
[Date "1999.04.07"]
[Round "5"]
[White "Dhaene, Gilbert"]
[Black "Thill, Gerard"]
[Result "0-1"]
[WhiteElo "1670"]
[BlackElo "1824"]
[PlyCount "50"]
[EventDate "1999.04.03"]
[EventType "swiss"]
[EventRounds "9"]
[EventCountry "LUX"]
[SourceTitle "EXT 2005"]
[Source "ChessBase"]
[SourceDate "2004.11.15"]
[SourceVersion "1"]
[SourceVersionDate "2004.11.15"]
[SourceQuality "1"]

1. c4 c6 2. Nc3 Nf6 3. g3 d5 4. cxd5 cxd5 5. d4 Nc6 6. Bg2 Bf5 7. a3 e6 8. Bf4 Qb6 9. e3 Qxb2 10. Na4 Qc2 11. Qxc2 Bxc2 12. Nc3 Nh5 13. Nge2 Nxf4 14. Nxf4 Bd6 15. Nfe2 0-0 16. Ra2 Bd3 17. 0-0 Rfc8 18. Rc1 Na5 19. Rd1 Bc4 20. Raa1 f5 21. Bf1 Kf7 22. Nb1 Rc7 23. Nec3 a6 24. Bxc4 Rxc4 25. Nd2 Rxc3 0-1

[Event "Luxembourg-ch"]
[Site "Luxembourg"]
[Date "1999.04.06"]
[Round "4"]
[White "Thill, Gerard"]
[Black "Nestler, Patrick"]
[Result "0-1"]
[WhiteElo "1824"]
[BlackElo "1959"]
[PlyCount "42"]
[EventDate "1999.04.03"]
[EventType "swiss"]
[EventRounds "9"]
[EventCountry "LUX"]
[SourceTitle "EXT 2005"]
[Source "ChessBase"]
[SourceDate "2004.11.15"]
[SourceVersion "1"]
[SourceVersionDate "2004.11.15"]
[SourceQuality "1"]

1. e4 e5 2. Nf3 Nc6 3. Bb5 a6 4. Ba4 Nf6 5. 0-0 b5 6. Bb3 d6 7. d3 Na5 8. Bg5 Be7 9. Nc3 h6 10. Bxf6 Bxf6 11. Nd5 Nxb3 12. axb3 c6 13. Nxf6+ Qxf6 14. h3 0-0 15. b4 Be6 16. c3 c5 17. bxc5 dxc5 18. Qc2 Bxh3 19. gxh3 Qxf3 20. Kh2 Rad8 21. Rad1 f5 0-1

[Event "Luxembourg-ch"]
[Site "Luxembourg"]
[Date "1999.04.04"]
[Round "2"]
[White "Wolff, Serge"]
[Black "Thill, Gerard"]
[Result "1/2-1/2"]
[WhiteElo "2042"]
[BlackElo "1824"]
[PlyCount "60"]
[EventDate "1999.04.03"]
[EventType "swiss"]
[EventRounds "9"]
[EventCountry "LUX"]
[SourceTitle "EXT 2005"]
[Source "ChessBase"]
[SourceDate "2004.11.15"]
[SourceVersion "1"]
[SourceVersionDate "2004.11.15"]
[SourceQuality "1"]

1. e4 c5 2. Nc3 d6 3. Nge2 e6 4. d4 cxd4 5. Nxd4 a6 6. Be3 Nf6 7. f3 Qc7 8. g4 Nc6 9. g5 Nd7 10. Bc4 Nde5 11. Bb3 b5 12. Qe2 Bb7 13. f4 Nxd4 14. Bxd4 Nc4 15. 0-0-0 Rc8 16. Rhe1 e5 17. Nd5 Qb8 18. Bc3 Be7 19. Nxe7 Kxe7 20. fxe5 dxe5 21. Bb4+ Ke8 22. Rf1 Qa7 23. Rd7 Kxd7 24. Rxf7+ Ke8 25. Re7+ Kd8 26. Qd3+ Qd4 27. Qxd4+ exd4 28. Rxb7 Rc7 29. Rb8+ Rc8 30. Rb7 Rc7 1/2-1/2

[Event "Luxembourg-chT 9899"]
[Site "Luxembourg"]
[Date "1999.02.28"]
[Round "8"]
[White "Peiffer, Joe"]
[Black "Thill, Gerard"]
[Result "1/2-1/2"]
[WhiteElo "1910"]
[BlackElo "1845"]
[PlyCount "46"]
[EventDate "1998.10.08"]
[EventType "team"]
[EventRounds "10"]
[EventCountry "LUX"]
[SourceTitle "EXT 2005"]
[Source "ChessBase"]
[SourceDate "2004.11.15"]
[SourceVersion "1"]
[SourceVersionDate "2004.11.15"]
[SourceQuality "1"]

1. e4 c5 2. Nc3 e6 3. f4 Nc6 4. Nf3 g6 5. Bc4 Bg7 6. f5 a6 7. a4 Nge7 8. fxe6 dxe6 9. 0-0 0-0 10. d3 Qb6 11. Qe1 Nd4 12. Nxd4 cxd4 13. Ne2 e5 14. Qh4 Nc6 15. Rb1 Na5 16. Bd5 Be6 17. Bh6 Bxd5 18. exd5 Bxh6 19. Qxh6 Qc5 20. Rf3 f5 21. Rg3 Qxc2 22. Rxg6+ hxg6 23. Qxg6+ Kh8 1/2-1/2

[Event "LUX-chABC"]
[Site "Dudelange"]
[Date "1998.04.15"]
[Round "5.17"]
[White "Thill, Gerard"]
[Black "Gengler, Pierre"]
[Result "0-1"]
[WhiteElo "1855"]
[BlackElo "1725"]
[PlyCount "128"]
[EventDate "1998.04.11"]
[EventType "swiss"]
[EventRounds "9"]
[EventCountry "LUX"]
[SourceTitle "EXT 2005"]
[Source "ChessBase"]
[SourceDate "2004.11.15"]
[SourceVersion "1"]
[SourceVersionDate "2004.11.15"]
[SourceQuality "1"]

1. Nf3 f5 2. d4 g6 3. c4 Bg7 4. Nc3 Nf6 5. e3 0-0 6. Bd3 d6 7. 0-0 Qe8 8. d5 Na6 9. Re1 Nc5 10. Bb1 e5 11. dxe6 Bxe6 12. e4 Nfxe4 13. Nxe4 fxe4 14. Bxe4 Nxe4 15. Rxe4 Qf7 16. Rf4 Qd7 17. Qb3 b5 18. Rxf8+ Rxf8 19. Qxb5 Qxb5 20. cxb5 Bd5 21. Ne1 Re8 22. Be3 Bxb2 23. Rd1 Bxa2 24. Rd2 Bc3 25. Rxa2 Bxe1 26. Rxa7 Rc8 27. Bd4 Bb4 28. Kf1 Re8 29. g3 Rc8 30. Ke2 d5 31. Kd3 Bd6 32. f4 Rb8 33. b6 c5 34. Rg7+ Kf8 35. b7 cxd4 36. Rd7 Be7 37. Kxd4 Ke8 38. Rc7 Kd8 39. Rc8+ Rxc8 40. bxc8Q+ Kxc8 41. Kxd5 Kd7 42. Ke4 Ke8 43. h3 Kf7 44. g4 Bd8 45. f5 g5 46. Kd5 Bf6 47. Kc5 Ke7 48. Kc6 Be5 49. Kd5 Bf4 50. Kc6 Bd6 51. Kd5 Kd7 52. Ke4 Kc6 53. Kd4 Bg3 54. Ke4 Kd6 55. Kd4 h6 56. Ke4 Be5 57. Kf3 Kd5 58. Ke3 Bf6 59. Kf3 Ke5 60. Kf2 Kf4 61. Kg2 Ke3 62. Kg3 Ke2 63. Kg2 Be5 64. h4 gxh4 0-1

[Event "LUX-chABC"]
[Site "Dudelange"]
[Date "1997.04.01"]
[Round "4.27"]
[White "Thill, Gerard"]
[Black "Gengler, Pierre"]
[Result "0-1"]
[WhiteElo "1885"]
[BlackElo "1615"]
[PlyCount "62"]
[EventDate "1997.03.29"]
[EventType "swiss"]
[EventRounds "9"]
[EventCountry "LUX"]
[SourceTitle "EXT 2013"]
[Source "ChessBase"]
[SourceDate "2012.11.22"]
[SourceVersion "1"]
[SourceVersionDate "2012.11.22"]
[SourceQuality "1"]

1. e4 e5 2. f4 exf4 3. Nf3 g5 4. Bc4 d6 5. h4 Bg4 6. Nc3 gxh4 7. Ne5 Be6 8. Bxe6 dxe5 9. Qh5 Qd6 10. Nb5 Qe7 11. Qxe5 Nf6 12. Nxc7+ Kd8 13. Nxa8 Nc6 14. Qc7+ Qxc7 15. Nxc7 Kxc7 16. Bxf7 Nd4 17. Bb3 f3 18. gxf3 Bd6 19. d3 Bg3+ 20. Kd1 Nxf3 21. Ke2 Nd4+ 22. Ke3 Rd8 23. a4 Ng4+ 24. Kd2 Rf8 25. Kc3 Be5 26. Kc4 Rc8 27. a5 b5+ 28. axb6+ axb6 29. Bg5 Kb7+ 30. Kb4 Bd6+ 31. Ka4 Ra8# 0-1

[Event "LUX-chABC"]
[Site "Dudelange"]
[Date "1997.03.30"]
[Round "2.2"]
[White "Thill, Gerard"]
[Black "Wians, Camille"]
[Result "0-1"]
[WhiteElo "1885"]
[BlackElo "2310"]
[PlyCount "42"]
[EventDate "1997.03.29"]
[EventType "swiss"]
[EventRounds "9"]
[EventCountry "LUX"]
[SourceTitle "EXT 2013"]
[Source "ChessBase"]
[SourceDate "2012.11.22"]
[SourceVersion "1"]
[SourceVersionDate "2012.11.22"]
[SourceQuality "1"]

1. e4 c5 2. Nf3 d6 3. d4 cxd4 4. Nxd4 Nf6 5. Nc3 a6 6. a4 g6 7. Be2 Bg7 8. Be3 0-0 9. f3 Nc6 10. Qd2 d5 11. Nxc6 bxc6 12. e5 Nd7 13. f4 Rb8 14. b4 e6 15. 0-0 f6 16. b5 axb5 17. axb5 cxb5 18. Bxb5 fxe5 19. Ba7 Rb7 20. Bc6 Rxa7 21. Bxd5 Qb6+ 0-1

[Event "Luxembourg op"]
[Site "Luxembourg"]
[Date "1996.??.??"]
[Round "8"]
[White "Scholtes, Theo"]
[Black "Thill, Gerard"]
[Result "1-0"]
[WhiteElo "1780"]
[BlackElo "1725"]
[PlyCount "142"]
[EventDate "1996.??.??"]
[EventType "swiss"]
[EventRounds "9"]
[EventCountry "LUX"]
[SourceTitle "EXT 2005"]
[Source "ChessBase"]
[SourceDate "2004.11.15"]
[SourceVersion "1"]
[SourceVersionDate "2004.11.15"]
[SourceQuality "1"]

1. d4 Nf6 2. c4 d6 3. Nc3 g6 4. e4 Bg7 5. Bd3 Nc6 6. Nge2 0-0 7. a3 e5 8. d5 Ne7 9. Bg5 h6 10. Bd2 Ne8 11. Qc1 Kh7 12. Ng3 f5 13. Qc2 f4 14. Nge2 Bd7 15. f3 Nf6 16. 0-0-0 a6 17. g4 g5 18. h4 Kg6 19. Rdg1 Kf7 20. Qb3 b6 21. Nd1 Re8 22. Nec3 Rb8 23. a4 Rg8 24. Nf2 Bf8 25. Qd1 Nc8 26. b3 Na7 27. c5 bxc5 28. Bxa6 c6 29. Bd3 Qc8 30. Kc2 Ke7 31. Qe2 Qb7 32. Bc4 Rg7 33. Rb1 Be8 34. hxg5 hxg5 35. Rh6 Bf7 36. Ba6 Qb6 37. Bc4 Rg8 38. Rhh1 Qc7 39. Rhd1 Rh8 40. Nd3 Nd7 41. Na2 Bg7 42. Qe1 Rh2 43. Nf2 cxd5 44. exd5 Bg6+ 45. Ne4 Nb6 46. Nac3 Bf6 47. Ba6 Bf7 48. Kc1 Nxd5 49. Nxd5+ Bxd5 50. Ba5 Qc6 51. Rxd5 Qxd5 52. Bc4 Qd4 53. Bc7 Rbh8 54. Bxd6+ Kd7 55. Bxc5 Rh1 56. Bf1 Qd3 57. Bxa7 Rxf1 58. Nc5+ Kc6 59. Nxd3 Rxe1+ 60. Nxe1 Rh1 61. Kd2 Kd5 62. Rc1 Rh2+ 63. Kd3 Be7 64. Rc4 Ba3 65. Nc2 Bb2 66. Nb4+ Kd6 67. Rc6+ Kd7 68. Rc2 Rh3 69. Ke4 Ba3 70. Bc5 Ke6 71. Nd3 Rh1 1-0

[Event "Luxembourg op"]
[Site "Luxembourg"]
[Date "1996.??.??"]
[Round "7"]
[White "Thill, Gerard"]
[Black "Recht, Romain"]
[Result "0-1"]
[WhiteElo "1725"]
[BlackElo "1860"]
[PlyCount "54"]
[EventDate "1996.??.??"]
[EventType "swiss"]
[EventRounds "9"]
[EventCountry "LUX"]
[SourceTitle "EXT 2005"]
[Source "ChessBase"]
[SourceDate "2004.11.15"]
[SourceVersion "1"]
[SourceVersionDate "2004.11.15"]
[SourceQuality "1"]

1. e4 c5 2. Nf3 Nc6 3. d4 cxd4 4. Nxd4 Nf6 5. Nc3 g6 6. Be3 Bg7 7. f3 d6 8. Bc4 Bd7 9. Qd2 a6 10. 0-0-0 b5 11. Bb3 Na5 12. Bh6 Nxb3+ 13. Nxb3 0-0 14. g4 Qc8 15. Nd5 Nxd5 16. exd5 f5 17. g5 Rf7 18. h4 Bxh6 19. gxh6 f4 20. Rdg1 Bf5 21. h5 Rf6 22. Nd4 Kf7 23. Rg5 Ke8 24. Rhg1 Qc5 25. Nc6 e5 26. hxg6 Rxg6 27. Kb1 Qxg1+ 0-1